000 00281nam a22001337a 4500
008 170131b xxu||||| |||| 00| 0 eng d
020 _a9780130940094
041 _aeng
080 _a61
100 _a3
101 _aSHM
245 _aMEDICAL LANGUAGE
_cTURLEY, S
942 _2udc
_cBK
999 _c4098
_d4098